000 00458nam a22001697a 4500
003 OSt
005 20211025093441.0
008 211025b |||||||| |||| 00| 0 eng d
040 _cHAWASSA UNIVERSITY
050 _a631.49/BUR
_b5
082 _a631.49/BUR
_b5
100 _aBURINGH P.
_914107
245 _aINTRODUCTION TOTHE STUDY OF SOILS IN TROPICAL AND SUBTROICAL REGIONS
260 _aNEW DELHI
_bBOMBAY
_c1979
300 _a 124
942 _2ddc
_cBOOKS
_n0
999 _c14553
_d14553